000 01835nam0a2200361 4500
001 RU\NLR\BIBL_A\022279557
005 20240806095000.0
010 _a978-5-16-019355-7
_9500
021 _aRU
_bКН-П-24-029752
_9КН-П-24-3023
035 _a(NLR Aleph) 022279557
090 _a12387312
_c12387312
100 _a20240717d2024 u y0rusy50 ca
101 0 _arus
102 _aRU
105 _aa|||j|||000yy
181 0 _ai
_baxxe
182 0 _an
200 1 _aАнтикоррупционная политика
_eучебник
_eдля студентов высших учебных заведений, обучающихся по направлениям подготовки 38.03.04 "Государственное и муниципальное управление", 41.03.04 "Политология", 39.03.01 "Социология" (квалификация (степень) "баклавр")
_fР. Т. Мухаев
203 _aТекст
_bвизуальный
_cнепосредственный
210 _aМосква
_cИНФРА-М
_d2024
215 _a505 с.
_cил., табл.
_d21
225 1 _aВысшее образование
300 _aНа 4-й с. обл. авт.: Мухаев Р. Т., д-р полит. наук, проф
320 _aБиблиогр.: с. 494-499 (67 назв.) и в подстроч. примеч.
606 1 _aКоррупция
_xБорьба с ней
_jУчебники для высших учебных заведений
_2nlr_sh1
_2nlr_sh2
_3RU\NLR\AUTH\66986715
686 1 _aХ883.7я73
686 1 _aХ916.8я73
686 1 _aХ628.322.17я73
700 1 _aМухаев
_bР. Т.
_gРашид Тазитдинович
_3RU\NLR\AUTH\773706
942 _cBOOK
980 _aNB